000 02070nam a22001457a 4500
999 _c531784
_d531784
008 251017b ||||| |||| 00| 0 eng d
100 _aPandey, Aviral
_957400
245 _aEastern India today and the road to Viksit Bharat@2047: Challenges and policy suggestions
260 _aBihar Journal of Public Administration
300 _a22(1-S), Jan-Jun, 2025: p.12-29
520 _aThe goal of Viksit Bharat@2047 is to make India prosperous, inclusive, and strong in the global economy. However, this goal will be difficult to achieve without reducing the wide disparities between different regions – especially in Eastern India. Although the region possesses abundant natural resources and large population, it continues to lag behind in both economic and social development. Agriculture remains unproductive, industrial growth is limited, and essential infrastructure such as roads and electricity does not match the level seen in developed states. These challenges are closely linked to high poverty, low literacy, poor access to higher education, and low employment opportunities. Weak governance, climaterelated risks, and challenges related to policy implementation further exacerbate the situation.Given this background, this paper examines the challenges facing Eastern India and proposes policies to make the region developed (Viksit) by 2047. The policy recommendations include enhancing agricultural productivity, promoting industrial development – particularly in mineral-rich states– expanding transport and digital infrastructure, and increasing investment in education and skill development. Effective planning and stronger institutions will also be critical in enabling the region to contribute meaningfully to India's vision of becoming a Viksit Bharat by 2047. – Reproduced http://www.iipabiharbranch.org/upload/BJPA_Vol.%20XXII%20No%201_S%20%20Jam-June%202025.pdf
650 _aEastern India, Malnutrition, Agriculture, Inclusive Growth, Viksit Bharat 2047.
_957401
773 _aBihar Journal of Public Administration
942 _cAR